Statistics for Countries With The Most Bauxite Production

Click here to take the quiz!

General Stats

  • This quiz has been taken 21 times
  • The average score is 6 of 10

Answer Stats

Thousand Metric TonsCountry% Correct
75,000China
95%
100,000Australia
86%
5,400Russia
86%
29,000Brazil
76%
26,000India
71%
16,000Indonesia
57%
4,500Vietnam
33%
82,000Guinea
29%
8,900Jamaica
24%
4,100Saudi Arabia
19%

Score Distribution

Percentile by Number Answered

Percent of People with Each Score

Your Score History

You have not taken this quiz